| 000 | 01995cam a22003615a 4500 | ||
|---|---|---|---|
| 001 | 016973831 | ||
| 003 | Uk | ||
| 005 | 20201128023937.0 | ||
| 008 | 141014s2015 enk frb 001 0 eng d | ||
| 015 |
_aGBB4E4505 _2bnb |
||
| 016 | 7 |
_a016973831 _2Uk |
|
| 020 | _a9781137437273 (paperback) | ||
| 020 | _a1137437278 (paperback) | ||
| 040 |
_aStDuBDS _beng _cStDuBDS _dEG-ScBUE |
||
| 042 | _aukblsr | ||
| 082 | 0 | 4 |
_222 _a320.011 _bHEY |
| 100 | 1 |
_aHeywood, Andrew. _91312 |
|
| 245 | 1 | 0 |
_aPolitical theory : _ban introduction / _cAndrew Heywood. |
| 250 | _a4th ed. | ||
| 260 |
_aLondon : _bPalgrave / Macmillan Publishers Limited, _c2015. |
||
| 300 |
_axxii, 417 p. ; _c24 cm. |
||
| 500 | _aIndex : p. 396-417. | ||
| 504 | _aBibliography : p. 378-395. | ||
| 505 | _a1. What is Political Theory? -- 2. Human Nature, the Individual and Society -- 3. Politics, Government and the State -- 4. Sovereignty, the Nation and Transnationalism -- 5. Power, Authority and Legitimacy -- 6. Democracy, Representation and the Public Interest -- 7. Law, Order and Justice -- 8. Rights, Obligation and Citizenship -- 9. Freedom, Toleration and Identity -- 10. Equality, Social Justice and Welfare -- 11. Property, the Market and Planning -- 12. Security, War and World Order -- 13. Tradition, Progress and Utopia | ||
| 520 | _a The fourth edition of this highly successful and accessible text has been substantially revised and updated and includes extra coverage throughout on non-western approaches and international political theory. Each chapter discusses a cluster of interrelated terms, examines how they have been used by different thinkers and in the various political traditions, and explores related debates and controversies. | ||
| 590 | _aWessam | ||
| 650 | 7 |
_aPolitical science. _2BUEsh _91313 |
|
| 650 | 7 |
_aPolitical Science _xPhilosophy. _2BUEsh _9684 |
|
| 651 | _2BUEsh | ||
| 653 |
_bBUSBOL _cOctober2016 |
||
| 942 |
_2ddc _e22 _k320.01 HEY |
||
| 999 |
_c22860 _d22832 |
||